تز کر ہ شعر ا ۓ ا تر پر د يش 1930ء-1982 (Record no. 171191)

MARC details
000 -LEADER
fixed length control field 00675nam a22001937a 4500
005 - DATE AND TIME OF LATEST TRANSACTION
control field 20200108122012.0
010 ## - LCCN (DPL NO)
LC control number A-142485
020 ## - INTERNATIONAL STANDARD BOOK NUMBER
Terms of availability -
International Standard Book Number -
035 ## - SYSTEM CONTROL NUMBER
System control number A-142485
037 ## - SOURCE OF ACQUISITION
Source of stock number/acquisition DBAD/PUB
Stock number -
082 ## - DEWEY DECIMAL CLASSIFICATION NUMBER
Classification number 841.09
100 ## - MAIN ENTRY--PERSONAL NAME
Personal name عر فا ن عبا سی
245 ## - TITLE STATEMENT
Title تز کر ہ شعر ا ۓ ا تر پر د يش 1930ء-1982
Statement of responsibility, etc عر فا ن عبا سی
246 ## - VARYING FORM OF TITLE
Remainder of title Tazkara-e-Shora-e-Uttar Pardesh 1930-1982 (Urdu)
Title proper/short title by Irfan Abbasi
260 ## - PUBLICATION, DISTRIBUTION, ETC. (IMPRINT)
Place of publication, distribution, etc Lucknow
Name of publisher, distributor, etc Fakhruddin Ali Ahmed Memorial Comettee
Date of publication, distribution, etc 1983 ء
270 ## - ADDRESS
Address Danish Mahel,Ameen Udola Park,
City Lucknow
Postal code -
Telephone number -
Fax number -
300 ## - PHYSICAL DESCRIPTION
Extent 328 ص
Dimensions 22 Cm(Hb)
942 ## - ADDED ENTRY ELEMENTS (KOHA)
Source of classification or shelving scheme Dewey Decimal Classification
Item type Urdu Bks
Classification part 841.09
Call number suffix ع ر ف
Holdings
Withdrawn status Lost status Not for loan Collection code Home library Current library Date acquired Source of acquisition Cost, normal purchase price Full call number Barcode Copy number Cost, replacement price Koha item type
      Non-fiction Central Library Central Library 08/01/2020 BPPD/Ven. 40.00 841.09 ع ر ف A-142485 1 40.00 Urdu Bks

© Delhi Public Library
Hit Counter
free hit counter